| 000 | 00457nam a22001697a 4500 | ||
|---|---|---|---|
| 003 | OSt | ||
| 005 | 20211126105254.0 | ||
| 008 | 211126b |||||||| |||| 00| 0 eng d | ||
| 020 | _a0 86020 311 5 | ||
| 040 | _cHawassa University | ||
| 050 |
_a646.1/ALL _b3 |
||
| 082 |
_a646.1/ALL _b3 |
||
| 100 |
_aAllen Helln _920767 |
||
| 245 | _aBeginner's guide to sewing and knitting | ||
| 260 |
_aGreat Britain _bUsborn Publishing _c1979 |
||
| 942 |
_2ddc _cBOOKS _n0 |
||
| 999 |
_c20361 _d20361 |
||